| 000 | 00421nam a2200181Ia 4500 | ||
|---|---|---|---|
| 001 | 4585 | ||
| 005 | 20260306145807.0 | ||
| 008 | 260306t2007||||xx |||||||||||||| ||spa|| | ||
| 041 | _aESP | ||
| 082 |
_a327 _bG59 |
||
| 100 |
_aGoldstein, Joshua S. _eAUT |
||
| 245 | 0 | _aInternational relations | |
| 260 | _c2007 | ||
| 300 |
_axxv, 597 páginas : _c26 cm. |
||
| 650 | _aGEN | ||
| 654 | _aCHU | ||
| 942 |
_cLIB _dJUS _fJUS _2ddc _n |
||
| 999 |
_c4585 _d4585 |
||